| 000 | 00000cas 2200000za 4500 |
| 001 | 9.858371 |
| 003 | CaOODSP |
| 005 | 20251114093803 |
| 007 | cr ||||||||||| |
| 008 | 180629c20159999oncar p o f0 b0fre|d |
| 040 | |aCaOODSP|bfre |
| 043 | |an-cn--- |
| 086 | 1 |aCi1-30F-PDF |
| 245 | 00|aEntrée express - rapport de fin d'année ... |h[ressource électronique]. |
| 246 | 13|aEntrée express - rapport de fin d'exercice ...|f2020 |
| 246 | 3 |iLes livraisons depuis 2023 comportent le titre : |aRapport de fin d’exercice sur Entrée express pour … |
| 260 | |a[Ottawa] : |bImmigration, Réfugiés et Citoyenneté Canada, |c[2015]- |
| 310 | |aAnnuel |
| 362 | 1 |aParaît depuis: 2015. |
| 500 | |aPubli. aussi en anglais sous le titre : Express Entry year-end report ... |
| 692 | 07|2gccst|aImmigration |
| 692 | 07|2gccst|aÉvaluation du rendement |
| 692 | 07|2gccst|aProgramme fédéral |
| 710 | 1 |aCanada. |bImmigration, réfugiés et citoyenneté Canada. |
| 775 | 08|tExpress Entry year-end report ... |w(CaOODSP)9.858370 |